00322nam a2200121Ia 4500008004100000041000800041082001700049100002000066245003800086260003700124300003200161365000700193240624s9999 xx 000 0 und d aeng a332.6323 BHA aBHARDWAJ GAUTAM aFUTURE OF THE INDIA S DEBT MARKET c1998aNew DelhibTata McGrawhill axiii, : 258 : p. : cm. ; 24 cRS